| 000 | 01456cam a2200337 4500 | ||
|---|---|---|---|
| 001 | L124220 | ||
| 008 | 031103n2003 000 0 eng u | ||
| 020 | _a0421838604 | ||
| 035 | _a(Sirsi) u124220 | ||
| 041 | _aeng | ||
| 050 |
_a346.4102 _c18 |
||
| 100 | _aLawson, Richard | ||
| 245 | _aExclusion clauses and unfair contract terms | ||
| 250 | _a7th ed. | ||
| 260 |
_aLondon _bSweet and Maxwell _c2003 |
||
| 300 |
_axxvii, 277p. _c24cm. |
||
| 350 | _a99 | ||
| 520 | _aWritten for practitioners dealing with business and consumer contracts, this seventh edition provides practical guidance on the many statutory controls available to guard against the misuse of exclusion clauses. Considers firstly, how the courts have considered and interpreted exclusion and limitation clauses, and secondly how Parliament has enacted a separate set of controls. Full consideration given to the role of the OFT in the exercise of its statutory functions. | ||
| 520 | _aSupersedes sixth edition (ISBN 0421729600) | ||
| 520 | _aAccompanied by a CD-ROM (L145151) which is refernce only | ||
| 650 | _aCONSUMER CONTRACTS | ||
| 650 | _aCONSUMER LAW | ||
| 650 | _aCONTRACT LAW | ||
| 650 | _aEXCLUSION CLAUSES | ||
| 650 | _aUNFAIR CONTRACT TERMS ACT 1977 | ||
| 650 | _aCONTRACTS (RIGHTS OF THIRD PARTIES) ACT 1999 | ||
| 650 | _aUNFAIR TERMS IN CONSUMER CONTRACTS REGULATIONS 1999 | ||
| 650 | _aBUSINESS CONTRACTS | ||
| 690 | _aLAW-UK | ||
| 942 | _n0 | ||
| 999 |
_c103179 _d103179 |
||